लोड हो रहा है...

The future of secularism /

Chiefly with reference to India and also on Islam and secularism; papers presented at a seminar organized by the South Asian Studies Council, Yale University during March 26-27, 2004.

ग्रंथसूची विवरण
मुख्य लेखक: Srinivasan,T.N.(Editor)
स्वरूप: Printed Book
प्रकाशित: New Delhi : Oxford University Press, 2007.
विषय:
LEADER 00796cam a22001814a 4500
020 |a 9780195683783 
020 |a 0195683781 
082 0 4 |a 297.28  |b SRI/F 
100 |a Srinivasan,T.N.(Editor) 
245 0 4 |a The future of secularism / 
260 |a New Delhi :  |b Oxford University Press,  |c 2007. 
300 |a viii, 327 p. ; 
520 |a Chiefly with reference to India and also on Islam and secularism; papers presented at a seminar organized by the South Asian Studies Council, Yale University during March 26-27, 2004. 
650 0 |a Secularism  |z India  |v Congresses. 
650 0 |a Islam and secularism  |v Congresses. 
942 |c BK 
999 |c 97545  |d 97545 
952 |0 0  |1 0  |4 0  |6 297_280000000000000_SRI_F  |7 0  |9 90603  |a SSS  |b SSS  |c GEN  |d 2011-11-04  |g 595.00  |l 1  |o 297.28 SRI/F  |p SSS05926  |r 2013-10-31  |s 2013-10-11  |w 2011-11-04  |y BK